[Event "South Wales op 11th"]
[Site "Cardiff"]
[Date "2014.08.30"]
[Round "9"]
[White "Choo, Yin Benjamin"]
[Black "Bennett, Roger"]
[Result "1/2-1/2"]
[WhiteElo "1457"]
[BlackElo "2019"]
[PlyCount "66"]
[EventDate "2014.08.25"]
[EventType "swiss"]
[EventRounds "9"]
[EventCountry "WLS"]
[SourceTitle "CBM 162 Extra"]
[Source "ChessBase"]
[SourceDate "2014.10.17"]
[SourceVersion "1"]
[SourceVersionDate "2014.10.17"]
[SourceQuality "1"]

1. c4 c5 2. g3 g6 3. Bg2 Bg7 4. Nc3 Nc6 5. Nf3 e6 6. e3 Nge7 7. 0-0 0-0 8. d4 cxd4 9. Nxd4 d5 10. cxd5 exd5 11. Nce2 Be6 12. b3 Rc8 13. Bb2 Qb6 14. Rb1 Rfd8 15. Qd2 Nxd4 16. Nxd4 Nc6 17. Rfd1 Nxd4 18. Bxd4 Bxd4 19. Qxd4 Qxd4 20. Rxd4 f5 21. Rbd1 Rc2 22. R4d2 Rdc8 23. Kf1 Kf7 24. Ke2 Kf6 25. Rxc2 Rxc2+ 26. Rd2 Rxd2+ 27. Kxd2 Ke5 28. Kd3 Bd7 29. f4+ Kd6 30. Kd4 Bc6 31. b4 b6 32. a3 a6 33. Bf1 Bb7 1/2-1/2

[Event "South Wales op 11th"]
[Site "Cardiff"]
[Date "2014.08.26"]
[Round "4"]
[White "Bennett, Roger"]
[Black "Jukes, Sam"]
[Result "1/2-1/2"]
[WhiteElo "2019"]
[BlackElo "1751"]
[PlyCount "59"]
[EventDate "2014.08.25"]
[EventType "swiss"]
[EventRounds "9"]
[EventCountry "WLS"]
[SourceTitle "CBM 162 Extra"]
[Source "ChessBase"]
[SourceDate "2014.10.17"]
[SourceVersion "1"]
[SourceVersionDate "2014.10.17"]
[SourceQuality "1"]

1. e4 c5 2. Nc3 Nc6 3. f4 d6 4. Bc4 g6 5. Nf3 Bg7 6. 0-0 e6 7. d3 Nge7 8. Qe1 0-0 9. Bb3 a6 10. a4 Bd7 11. Be3 Nd4 12. Bxd4 Bxd4+ 13. Nxd4 cxd4 14. Ne2 e5 15. Qh4 Be6 16. Rf3 Bxb3 17. cxb3 f5 18. fxe5 dxe5 19. Raf1 Qd7 20. Ng3 Rf7 21. exf5 gxf5 22. Nxf5 Nxf5 23. Rxf5 Rxf5 24. Qg4+ Qg7 25. Qxg7+ Kxg7 26. Rxf5 Re8 27. Kf2 Kg6 28. g4 e4 29. dxe4 Rxe4 30. Rd5 1/2-1/2

[Event "South Wales op 11th"]
[Site "Cardiff"]
[Date "2014.08.25"]
[Round "1"]
[White "Rudd, Jack"]
[Black "Bennett, Roger"]
[Result "1-0"]
[WhiteElo "2278"]
[BlackElo "2019"]
[PlyCount "85"]
[EventDate "2014.08.25"]
[EventType "swiss"]
[EventRounds "9"]
[EventCountry "WLS"]
[SourceTitle "CBM 162 Extra"]
[Source "ChessBase"]
[SourceDate "2014.10.17"]
[SourceVersion "1"]
[SourceVersionDate "2014.10.17"]
[SourceQuality "1"]

1. e4 e5 2. d4 exd4 3. Qxd4 Nc6 4. Qe3 b6 5. Bc4 Bc5 6. Qg3 Qf6 7. Nc3 Nge7 8. Nf3 h6 9. Bf4 d6 10. 0-0 g5 11. Be3 Be6 12. Nd5 Bxd5 13. exd5 Nf5 14. Rfe1 Bxe3 15. Qg4 Ne5 16. Nxe5 dxe5 17. fxe3 Nd6 18. Rf1 Qe7 19. Bb3 0-0 20. e4 Kg7 21. Rf2 f6 22. Raf1 Rad8 23. c3 Qd7 24. Qf3 Qf7 25. Qe3 Qd7 26. Bd1 Qf7 27. Bg4 Qe7 28. b3 Qe8 29. c4 c5 30. Be6 Qh5 31. Rf3 Qg6 32. Bf5 Nxf5 33. Rxf5 Rd6 34. a3 Qe8 35. b4 cxb4 36. axb4 Qc8 37. c5 bxc5 38. bxc5 Ra6 39. c6 Qc7 40. R5f2 Qb6 41. Qxb6 axb6 42. d6 Kf7 43. Rxf6+ 1-0